| 000 | 00365nam a2200133Ia 4500 | ||
|---|---|---|---|
| 001 | 4590 | ||
| 008 | 241024s9999 xx 000 0 und d | ||
| 082 | _aRD/610/SE491c/2016 | ||
| 100 | _aServicio Nacional de Salud, SNS | ||
| 245 | 0 | _aCien años de gestión. Dra. Mirna Font-Frías | |
| 260 |
_bSanto Domingo _c2016 |
||
| 901 | _a7/3/2017 10:19:05 a.m. | ||
| 999 |
_c8097 _d8097 |
||